000 00279nam a22001097a 4500
008 230704b xxu||||| |||| 00| 0 eng d
082 _a362.71
_bUNI 1996
245 _aReport of Meeting of the Water and Sanitation Work
260 _aUganda
_c1996
300 _a95p
942 _2ddc
_cBK
999 _c3950
_d3950